| 000 | 00662nam a22002297a 4500 | ||
|---|---|---|---|
| 003 | OSt | ||
| 005 | 20240228160415.0 | ||
| 008 | 231026b |||||||| |||| 00| 0 eng d | ||
| 020 | _a9780345543240 | ||
| 037 | _3Donación | ||
| 040 |
_aCO-JMCR _cCO-JMCR _dCO-JMCR _erda |
||
| 041 | _aeng | ||
| 082 |
_aA-N _bGRIs |
||
| 100 |
_eautor _aGrisham, John _952 |
||
| 245 |
_aSycamore Row / _cJhon Grisham |
||
| 260 |
_aNew York _bDell Mass Market Editon _c2014 |
||
| 300 |
_a642 páginas _c19 cm |
||
| 500 | _aIncluye nota de autor | ||
| 650 |
_2JMCR _aNovela estadounidense _ySiglo XX _96991 |
||
| 650 |
_aLiteratura estadounidense _ySiglo XX _913472 |
||
| 942 |
_2ddc _cBK |
||
| 999 |
_c30280 _d16664 |
||